000 00464nam a2200181Ia 4500
001 2014
005 20260306143811.0
008 260306t2010||||xx |||||||||||||| ||spa||
041 _aESP
082 _a610.28
_bT46
100 _aTheis, Fabian J.
_eAUT
245 0 _aBiomedical signal analysis:
_bcontemporary methods and applications
260 _c2010
300 _axiii, 415 páginas :
_c24 cm.
650 _aGEN
654 _aCPS
942 _cLIB
_dJUS
_fJUS
_2ddc
_n
999 _c2014
_d2014